[Event "La Fere op 4th"]
[Site "La Fere"]
[Date "2005.07.08"]
[Round "9"]
[White "Vijayalakshmi, Subbaraman"]
[Black "Laval, Brice"]
[Result "1-0"]
[WhiteElo "2414"]
[BlackElo "2178"]
[PlyCount "75"]
[EventDate "2005.07.02"]
[EventType "swiss"]
[EventRounds "9"]
[EventCountry "FRA"]
[SourceTitle "CBM 107 Extra"]
[Source "ChessBase"]
[SourceDate "2005.09.01"]
[SourceVersion "1"]
[SourceVersionDate "2005.09.01"]
[SourceQuality "1"]

1. d4 Nf6 2. c4 g6 3. Nf3 Bg7 4. g3 0-0 5. Bg2 d6 6. 0-0 Nbd7 7. Nc3 e5 8. e4 a6 9. Re1 exd4 10. Nxd4 Ne5 11. b3 c5 12. Nc2 Rb8 13. h3 Ne8 14. Bb2 b5 15. cxb5 axb5 16. f4 Nd7 17. Rb1 Qa5 18. b4 cxb4 19. Nd5 Qxa2 20. Bxg7 Nxg7 21. Ncxb4 Qa7+ 22. Kh2 Qa4 23. Ne7+ Kh8 24. Qxd6 Rb6 25. Qd4 Rb7 26. Qc3 Qa5 27. Nec6 Qb6 28. Rec1 Nb8 29. Nd4 Be6 30. f5 Bc4 31. e5 Rd7 32. Nbc2 Qc7 33. f6 Ne6 34. Nxe6 Bxe6 35. Qe3 Qc4 36. Ne1 Qd4 37. Qh6 Rg8 38. Nf3 1-0

[Event "La Fere op 4th"]
[Site "La Fere"]
[Date "2005.07.06"]
[Round "6"]
[White "Laval, Brice"]
[Black "Grabowski, Hubert"]
[Result "1-0"]
[WhiteElo "2178"]
[BlackElo "2040"]
[PlyCount "85"]
[EventDate "2005.07.02"]
[EventType "swiss"]
[EventRounds "9"]
[EventCountry "FRA"]
[SourceTitle "CBM 107 Extra"]
[Source "ChessBase"]
[SourceDate "2005.09.01"]
[SourceVersion "1"]
[SourceVersionDate "2005.09.01"]
[SourceQuality "1"]

1. e4 e5 2. Nf3 Nc6 3. c3 Nf6 4. d4 Nxe4 5. d5 Ne7 6. Nxe5 Ng6 7. Bd3 Nf6 8. Nf3 c5 9. 0-0 Bd6 10. Re1+ Kf8 11. Nbd2 Bf4 12. Nc4 Bxc1 13. Rxc1 d6 14. a4 b6 15. b4 Nf4 16. Ne3 g5 17. Nxg5 h6 18. Nf3 Bg4 19. Nxg4 Nxg4 20. Bf1 Rg8 21. g3 Qf6 22. Re4 Ne5 23. Nxe5 dxe5 24. Bg2 Qg5 25. d6 Rd8 26. Rc2 Ng6 27. bxc5 f5 28. c6 Rg7 29. Ree2 e4 30. c7 Rxc7 31. Qd4 Rcd7 32. h4 Nxh4 33. gxh4 Qxh4 34. Rcd2 Qg5 35. Re3 Qg6 36. Rg3 Qh7 37. Qf6+ Ke8 38. Rd5 Rf7 39. Re5+ Kd7 40. Re7+ Rxe7 41. dxe7 Rg8 42. Rxg8 Qxg8 43. Qf8 1-0

[Event "La Fere op 4th"]
[Site "La Fere"]
[Date "2005.07.03"]
[Round "2"]
[White "Laval, Brice"]
[Black "Philippe, Christophe"]
[Result "0-1"]
[WhiteElo "2178"]
[BlackElo "2411"]
[PlyCount "124"]
[EventDate "2005.07.02"]
[EventType "swiss"]
[EventRounds "9"]
[EventCountry "FRA"]
[SourceTitle "CBM 107 Extra"]
[Source "ChessBase"]
[SourceDate "2005.09.01"]
[SourceVersion "1"]
[SourceVersionDate "2005.09.01"]
[SourceQuality "1"]

1. c4 b6 2. Nf3 Bb7 3. Nc3 f5 4. g3 Nf6 5. Bg2 g6 6. 0-0 Bg7 7. d4 0-0 8. Re1 Na6 9. a3 e6 10. Qc2 Qe7 11. Bg5 h6 12. Bxf6 Qxf6 13. e4 Rae8 14. Rad1 d6 15. Rd2 Nb8 16. Rde2 Qf7 17. e5 Bxf3 18. Bxf3 dxe5 19. dxe5 Rd8 20. Bg2 Rd7 21. Nd5 Rfd8 22. h4 Kh8 23. Nf4 Rd4 24. Qc3 c5 25. Re3 Nd7 26. Nd3 Nf8 27. f4 Qd7 28. Nf2 Nh7 29. Bf1 Bf8 30. Rd3 g5 31. hxg5 hxg5 32. Rxd4 cxd4 33. Qf3 gxf4 34. gxf4 Bh6 35. Nd3 Rg8+ 36. Kf2 Qe7 37. Qh3 Rg6 38. Be2 Bf8 39. Rg1 Rxg1 40. Kxg1 Qc7 41. Ne1 d3 42. Qxd3 Qg7+ 43. Kf1 Bc5 44. Ng2 Qh6 45. Ke1 Qh1+ 46. Bf1 Qg1 47. Kd2 Nf8 48. Kc3 Ng6 49. b4 Bd4+ 50. Qxd4 Qxf1 51. Qd2 Kg7 52. c5 bxc5 53. bxc5 Ne7 54. Ne1 Nd5+ 55. Kd4 Qa6 56. Nd3 Qxa3 57. c6 Kf7 58. Qb2 Qa4+ 59. Kc5 Nb6 60. Qb5 Qa3+ 61. Kd4 Qa1+ 62. Kc5 Ke7 0-1

[Event "FRA-ch U20"]
[Site "Calvi"]
[Date "2005.04.23"]
[Round "8"]
[White "Laval, Brice"]
[Black "Cornette, Matthieu"]
[Result "0-1"]
[WhiteElo "2163"]
[BlackElo "2362"]
[PlyCount "78"]
[EventDate "2005.04.??"]
[EventType "swiss"]
[EventRounds "9"]
[EventCountry "FRA"]
[SourceTitle "EXT 2006"]
[Source "ChessBase"]
[SourceDate "2005.11.24"]
[SourceVersion "1"]
[SourceVersionDate "2005.11.24"]
[SourceQuality "1"]

1. e4 e5 2. Nf3 Nc6 3. c3 d5 4. Qa4 Bd7 5. exd5 Nd4 6. Qd1 Nxf3+ 7. Qxf3 Nf6 8. Bc4 e4 9. Qe2 Bd6 10. d3 0-0 11. dxe4 Nxe4 12. Be3 f5 13. Nd2 Nxd2 14. Qxd2 f4 15. Bd4 Re8+ 16. Kd1 Qg5 17. h4 Qxg2 18. Kc2 Bf5+ 19. Bd3 Qxd5 20. Rhg1 g6 21. Rg5 Bxd3+ 22. Qxd3 Qe4 23. Rag1 Qxd3+ 24. Kxd3 Be7 25. Rf5 Rad8 26. b4 b6 27. b5 Bxh4 28. Rxf4 Be7 29. Kc2 Bd6 30. Rfg4 a6 31. f4 Rf8 32. bxa6 Ra8 33. Be5 Bxe5 34. fxe5 Rxa6 35. Kb2 Ra5 36. Re4 Rb5+ 37. Kc2 Rf5 38. Rge1 Kf7 39. e6+ Ke7 0-1

[Event "FRA-ch U20"]
[Site "Calvi"]
[Date "2005.04.20"]
[Round "5"]
[White "Laval, Brice"]
[Black "Perez, Flavio"]
[Result "1-0"]
[WhiteElo "2163"]
[BlackElo "2237"]
[PlyCount "76"]
[EventDate "2005.04.??"]
[EventType "swiss"]
[EventRounds "9"]
[EventCountry "FRA"]
[SourceTitle "EXT 2006"]
[Source "ChessBase"]
[SourceDate "2005.11.24"]
[SourceVersion "1"]
[SourceVersionDate "2005.11.24"]
[SourceQuality "1"]

1. e4 c5 2. Nf3 e6 3. d4 cxd4 4. Nxd4 Nc6 5. Nxc6 bxc6 6. Bd3 e5 7. 0-0 Bc5 8. c4 Nf6 9. Nd2 d6 10. Qc2 Be6 11. Nb3 Bb6 12. c5 Bxb3 13. axb3 dxc5 14. b4 Qd6 15. bxc5 Qxc5 16. Qe2 0-0 17. Bg5 Nd7 18. Bc4 Qd6 19. Ra3 h6 20. Bc1 Nf6 21. Rd1 Bd4 22. Rg3 Kh8 23. Rdd3 Qc5 24. b3 Rad8 25. Rh3 Rd6 26. g4 Nh7 27. g5 Rg6 28. Rdg3 hxg5 29. Rxg5 Qe7 30. Rgg3 Qf6 31. Kf1 Rxg3 32. hxg3 g5 33. Rh2 Kg7 34. f4 Rh8 35. Qf3 Nf8 36. Rxh8 Kxh8 37. Qh5+ Nh7 38. Bxf7 Qg7 1-0

[Event "FRA-ch U20"]
[Site "Calvi"]
[Date "2005.04.18"]
[Round "2"]
[White "Bijaoui, Manuel"]
[Black "Laval, Brice"]
[Result "1/2-1/2"]
[WhiteElo "2345"]
[BlackElo "2163"]
[PlyCount "142"]
[EventDate "2005.04.??"]
[EventType "swiss"]
[EventRounds "9"]
[EventCountry "FRA"]
[SourceTitle "EXT 2006"]
[Source "ChessBase"]
[SourceDate "2005.11.24"]
[SourceVersion "1"]
[SourceVersionDate "2005.11.24"]
[SourceQuality "1"]

1. e4 d6 2. d4 Nf6 3. Nc3 Nbd7 4. g4 h6 5. Be3 e5 6. h3 c6 7. Nge2 b5 8. a3 Bb7 9. Bg2 a5 10. Ng3 g6 11. 0-0 h5 12. gxh5 Nxh5 13. Nxh5 Rxh5 14. f4 exd4 15. Qxd4 c5 16. Qd1 b4 17. Ne2 Qe7 18. axb4 axb4 19. Rxa8+ Bxa8 20. Qd3 Bc6 21. Ra1 Nb8 22. c3 Qb7 23. Ng3 Rh7 24. f5 Nd7 25. fxg6 fxg6 26. cxb4 Ne5 27. Qb3 c4 28. Qc3 Rf7 29. Ra7 Qb5 30. Rxf7 Kxf7 31. Bd4 Bd7 32. Bf1 Be6 33. b3 Nd3 34. bxc4 Bxc4 35. Qd2 Bg7 36. Bxg7 Kxg7 37. Bxd3 Bxd3 38. Qc3+ Kf7 39. Qc7+ Ke6 40. Qc8+ Kf7 41. Qc7+ Ke6 42. Qc8+ Kf7 43. Qg4 Bc4 44. Qf4+ Ke7 45. Qd2 Qe5 46. Kg2 Be6 47. h4 Kd7 48. Qf2 Kc6 49. Qe2 Kb6 50. Qe3+ Kb5 51. Ne2 Kxb4 52. Nd4 Kc4 53. Nf3 Qf6 54. Kg3 Kb5 55. Qg5+ Qxg5+ 56. Nxg5 Bg8 57. Kf4 Kc6 58. Nh3 d5 59. e5 d4 60. Nf2 Be6 61. Ng4 Kd5 62. Nf6+ Kc4 63. Ne4 Bf5 64. Nd6+ Kd5 65. Nxf5 gxf5 66. Kxf5 d3 67. e6 d2 68. e7 d1Q 69. e8Q Qf3+ 70. Kg5 Qg3+ 71. Kh6 Qxh4+ 1/2-1/2

[Event "Reims op 2nd"]
[Site "Reims "]
[Date "2005.??.??"]
[Round "2"]
[White "Laval, Brice"]
[Black "Henon, Eric"]
[Result "1-0"]
[WhiteElo "2214"]
[BlackElo "1690"]
[PlyCount "33"]
[EventDate "2005.12.27"]
[EventType "swiss"]
[EventRounds "7"]
[EventCountry "FRA"]
[SourceTitle "EXT 2008"]
[Source "ChessBase"]
[SourceDate "2007.11.25"]
[SourceVersion "1"]
[SourceVersionDate "2007.11.25"]
[SourceQuality "1"]

1. e4 e6 2. c4 d5 3. exd5 exd5 4. d4 Bb4+ 5. Nc3 Ne7 6. Nf3 Nbc6 7. Bd3 Bg4 8. 0-0 dxc4 9. Bxc4 0-0 10. a3 Ba5 11. Bg5 h6 12. Bxe7 Nxe7 13. Re1 c6 14. h3 Bxf3 15. Qxf3 Ng6 16. Qf5 Bc7 17. Qxg6 1-0

[Event "FRA-chT4"]
[Site "Ech Ardennais/La Francheville"]
[Date "2004.10.10"]
[Round "1"]
[White "Carniol, Jean Louis"]
[Black "Laval, Brice"]
[Result "1/2-1/2"]
[WhiteElo "2090"]
[BlackElo "2163"]
[PlyCount "121"]
[EventDate "2004.10.10"]
[EventType "team"]
[EventRounds "3"]
[EventCountry "FRA"]
[SourceTitle "EXT 2007"]
[Source "ChessBase"]
[SourceDate "2006.11.23"]
[SourceVersion "1"]
[SourceVersionDate "2006.11.23"]
[SourceQuality "1"]

1. e4 d6 2. d4 Nf6 3. Nc3 Nbd7 4. Nf3 e5 5. Bc4 Be7 6. 0-0 0-0 7. Qe2 c6 8. a4 Qc7 9. dxe5 dxe5 10. b3 Nc5 11. Bb2 Bg4 12. h3 Bh5 13. g4 Bg6 14. Nd2 h5 15. f3 Nfd7 16. Qg2 Nb6 17. f4 hxg4 18. f5 Bh7 19. hxg4 Bg5 20. Nf3 Be3+ 21. Kh1 Nxc4 22. bxc4 g5 23. Rfe1 Bf4 24. Ne2 f6 25. Nxf4 exf4 26. e5 Rae8 27. exf6 Ne4 28. Rxe4 Rxe4 29. Nxg5 Rxc4 30. Qe2 Rb4 31. Qe6+ Rf7 32. Qe8+ Rf8 33. f7+ Qxf7 34. Nxf7 Rxe8 35. Nh6+ Kf8 36. Ba3 a5 37. c3 c5 38. cxb4 Re3 39. g5 axb4 40. Bb2 Rh3+ 41. Kg2 Rg3+ 42. Kf2 Rxg5 43. Rg1 Rxg1 44. Kxg1 c4 45. Bd4 c3 46. Bc5+ Kg7 47. Bxb4 c2 48. Bd2 Kxh6 49. Bxf4+ Kh5 50. Kf2 Kg4 51. Bd2 b6 52. f6 Bg6 53. Ke2 Kf5 54. Bc1 Kxf6 55. Kd2 Ke5 56. Kc3 Kd5 57. Kb4 Bd3 58. a5 b5 59. Kc3 Be4 60. Kb4 Kc6 61. Be3 1/2-1/2

[Event "La Fere op 3rd"]
[Site "La Fere"]
[Date "2004.07.05"]
[Round "4"]
[White "Sarakauskas, Gediminas"]
[Black "Laval, Brice"]
[Result "1-0"]
[WhiteElo "2442"]
[BlackElo "2106"]
[PlyCount "63"]
[EventDate "2004.07.03"]
[EventType "swiss"]
[EventRounds "9"]
[EventCountry "FRA"]
[SourceTitle "CBM 101 Extra"]
[Source "ChessBase"]
[SourceDate "2004.09.01"]
[SourceVersion "2"]
[SourceVersionDate "2004.09.01"]
[SourceQuality "1"]

1. d4 Nf6 2. c4 g6 3. Nc3 Bg7 4. e4 d6 5. Nf3 0-0 6. Be2 e5 7. Be3 h6 8. 0-0 Ng4 9. Bc1 Nc6 10. d5 Ne7 11. Ne1 f5 12. Bxg4 fxg4 13. Nd3 g5 14. c5 Ng6 15. Be3 Rf7 16. a4 Bf8 17. cxd6 cxd6 18. Nb5 Nf4 19. Nxa7 Rxa7 20. Bxa7 Nxd3 21. Qxd3 b6 22. Bxb6 Qxb6 23. Qd2 Rb7 24. Rfc1 Bd7 25. b4 Qxb4 26. Qxb4 Rxb4 27. a5 Rb7 28. Rcb1 Ra7 29. Rb8 Ra6 30. g3 Kf7 31. Kf1 Ke7 32. Ke1 1-0

[Event "FRA-chT2 0304"]
[Site "France"]
[Date "2004.03.13"]
[Round "8"]
[White "Laval, Brice"]
[Black "Pucher, Olivier"]
[Result "1-0"]
[WhiteElo "2094"]
[BlackElo "2220"]
[PlyCount "115"]
[EventDate "2003.10.??"]
[EventType "team"]
[EventRounds "11"]
[EventCountry "FRA"]
[SourceTitle "EXT 2005"]
[Source "ChessBase"]
[SourceDate "2004.11.15"]
[SourceVersion "1"]
[SourceVersionDate "2004.11.15"]
[SourceQuality "1"]

1. e4 c5 2. Nf3 Nc6 3. d4 cxd4 4. Nxd4 Nf6 5. Nc3 e5 6. Ndb5 d6 7. Bg5 a6 8. Na3 b5 9. Nd5 Qa5+ 10. Bd2 Qd8 11. Bg5 Be7 12. Bxf6 Bxf6 13. c3 Ne7 14. Nxe7 Bxe7 15. Nc2 Bb7 16. a4 0-0 17. Bd3 d5 18. exd5 Qxd5 19. Ne3 Qe6 20. 0-0 e4 21. Be2 Rad8 22. Qc2 Qb6 23. axb5 axb5 24. Qb3 Bc6 25. Rad1 Bc5 26. Nd5 Qb7 27. c4 Rd6 28. Ne3 b4 29. Rxd6 Bxd6 30. Rd1 Qe7 31. Nf5 Bxh2+ 32. Kxh2 Qe5+ 33. Ng3 f5 34. Kg1 f4 35. Nh1 h5 36. c5+ Kh8 37. Rd6 Qxc5 38. Qe6 Qc1+ 39. Rd1 Qc5 40. Qd6 Rf5 41. Qg6 Rd5 42. Rxd5 Qxd5 43. Bxh5 Bd7 44. Be2 Be6 45. f3 exf3 46. Bxf3 Qe5 47. Qh5+ Qxh5 48. Bxh5 g5 49. Nf2 Kg7 50. Bg4 Bd5 51. Nd3 b3 52. Bd1 Kf6 53. Kf2 Kf5 54. Nc5 g4 55. Bxb3 g3+ 56. Kf1 Bc6 57. Bd1 Ke5 58. Nd3+ 1-0

[Event "Cappelle op 20th"]
[Site "Cappelle la Grande"]
[Date "2004.03.02"]
[Round "5"]
[White "Skatchkov, Pavel"]
[Black "Laval, Brice"]
[Result "1-0"]
[WhiteElo "2493"]
[BlackElo "2094"]
[PlyCount "47"]
[EventDate "2004.02.28"]
[EventType "swiss"]
[EventRounds "9"]
[EventCountry "FRA"]
[SourceTitle "CBM 099 Extra"]
[Source "ChessBase"]
[SourceDate "2004.05.04"]
[SourceVersion "1"]
[SourceVersionDate "2004.05.04"]
[SourceQuality "1"]

1. d4 g6 2. c4 Bg7 3. Nf3 Nf6 4. g3 d6 5. Bg2 0-0 6. 0-0 Nbd7 7. Nc3 e5 8. e4 a5 9. Re1 exd4 10. Nxd4 Ne5 11. b3 Bg4 12. f3 Bd7 13. Be3 Nc6 14. Qd2 Re8 15. Rad1 Qe7 16. Ndb5 Qd8 17. h3 Be6 18. f4 Nd7 19. Kh2 Ne7 20. Nd4 Nc5 21. Nxe6 fxe6 22. e5 Nf5 23. Nb5 Nxe3 24. Qxe3 1-0

[Event "FRA-chT2 0304"]
[Site "France"]
[Date "2003.11.16"]
[Round "3"]
[White "Hartweg, Nicolas"]
[Black "Laval, Brice"]
[Result "0-1"]
[WhiteElo "2062"]
[BlackElo "2094"]
[PlyCount "78"]
[EventDate "2003.10.??"]
[EventType "team"]
[EventRounds "11"]
[EventCountry "FRA"]
[SourceTitle "EXT 2005"]
[Source "ChessBase"]
[SourceDate "2004.11.15"]
[SourceVersion "1"]
[SourceVersionDate "2004.11.15"]
[SourceQuality "1"]
[WhiteTeam "Bischwiller II"]
[BlackTeam "Reims"]
[WhiteTeamCountry "FRA"]
[BlackTeamCountry "FRA"]

1. d4 g6 2. c4 Bg7 3. Nc3 c5 4. d5 Bxc3+ 5. bxc3 f5 6. Nf3 Nf6 7. Qc2 Qa5 8. Nd2 d6 9. a4 Nbd7 10. e3 Ne5 11. Rb1 Qa6 12. Qb3 Bd7 13. Qxb7 Qxb7 14. Rxb7 Bxa4 15. Nf3 Nxf3+ 16. gxf3 Kf7 17. Bd3 Rhb8 18. Rxb8 Rxb8 19. e4 fxe4 20. fxe4 Nd7 21. 0-0 Ne5 22. Be2 Bc2 23. f4 Nd3 24. e5 Nxc1 25. Rxc1 Rb1 26. Rxb1 Bxb1 27. Bd1 Bd3 28. Bb3 g5 29. Kf2 g4 30. Ke3 Bb1 31. Ba4 Ba2 32. Bb5 a5 33. Kd2 Bb3 34. Kc1 a4 35. Kb2 Kg6 36. Bd7 h5 37. f5+ Kf7 38. Be6+ Kf8 39. f6 dxe5 0-1

[Event "FRA-chT4 0203"]
[Site "Champagne Ardenne"]
[Date "2002.12.08"]
[Round "3"]
[White "Picard, Serge"]
[Black "Laval, Brice"]
[Result "0-1"]
[WhiteElo "2040"]
[BlackElo "2093"]
[PlyCount "70"]
[EventDate "2002.10.02"]
[EventType "team"]
[EventRounds "7"]
[EventCountry "FRA"]
[SourceTitle "EXT 2005"]
[Source "ChessBase"]
[SourceDate "2004.11.15"]
[SourceVersion "1"]
[SourceVersionDate "2004.11.15"]
[SourceQuality "1"]

1. e4 g6 2. d4 Bg7 3. f4 c6 4. Nf3 d5 5. e5 h5 6. Bd3 Nh6 7. Qe2 Bf5 8. Be3 e6 9. Nbd2 Bxd3 10. Qxd3 Na6 11. c3 Nf5 12. Bf2 Bf8 13. Ng5 Be7 14. Ndf3 Qb6 15. b4 Nc7 16. 0-0 Qb5 17. Qxb5 Nxb5 18. Rfc1 Na3 19. Nd2 a5 20. bxa5 Rxa5 21. c4 0-0 22. Nb3 Ra7 23. cxd5 exd5 24. Nf3 Rfa8 25. g3 Nb5 26. Rc2 Bb4 27. Kg2 Ra3 28. Nfd2 Bxd2 29. Nxd2 Nfxd4 30. Rb2 Ne6 31. Nb3 d4 32. Nd2 Nc3 33. Rxb7 Rxa2 34. Rxa2 Rxa2 35. Nf1 Nd1 0-1

[Event "FRA-ch U18"]
[Site "Hyeres"]
[Date "2002.??.??"]
[Round "8.9"]
[White "Laval, Brice"]
[Black "Daligault, Jean"]
[Result "1-0"]
[WhiteElo "2140"]
[BlackElo "2092"]
[PlyCount "62"]
[EventDate "2002.04.05"]
[EventType "swiss"]
[EventRounds "9"]
[EventCountry "FRA"]
[SourceTitle "EXT 2003"]
[Source "ChessBase"]
[SourceDate "2002.11.25"]
[SourceVersion "1"]
[SourceVersionDate "2002.11.25"]
[SourceQuality "1"]

1. e4 e6 2. Qe2 c5 3. Nf3 Nc6 4. g3 g6 5. Bg2 Bg7 6. 0-0 Nge7 7. d3 Nd4 8. Nxd4 cxd4 9. c4 d6 10. b4 a5 11. bxa5 Qxa5 12. Ba3 Qc7 13. f4 0-0 14. e5 dxe5 15. fxe5 Nf5 16. Bxf8 Kxf8 17. Rf2 Bxe5 18. Nd2 Ne3 19. Ne4 Kg8 20. Nf6+ Bxf6 21. Rxf6 Nf5 22. g4 Kg7 23. gxf5 gxf5 24. Rxf5 exf5 25. Qf2 Qd6 26. Bd5 Qf6 27. a4 Ra6 28. Qf4 Rb6 29. Kh1 Rb2 30. Rg1+ Kf8 31. Qc7 Bd7 1-0